Automata computability and complexity (Record no. 97817)

MARC details
000 -LEADER
fixed length control field nam a22 7a 4500
005 - DATE AND TIME OF LATEST TRANSACTION
control field 20190924100153.0
008 - FIXED-LENGTH DATA ELEMENTS--GENERAL INFORMATION
fixed length control field 190202b ||||| |||| 00| 0 eng d
020 ## - INTERNATIONAL STANDARD BOOK NUMBER
International Standard Book Number 9788131788226
080 ## - UNIVERSAL DECIMAL CLASSIFICATION NUMBER
Universal Decimal Classification number 004:519
Item number RIC
100 ## - MAIN ENTRY--PERSONAL NAME
Personal name Rich, Elaine
245 ## - TITLE STATEMENT
Title Automata computability and complexity
Remainder of title theory and applications
260 ## - PUBLICATION, DISTRIBUTION, ETC. (IMPRINT)
Name of publisher, distributor, etc Pearson
Place of publication, distribution, etc Noida
Date of publication, distribution, etc 2018
300 ## - PHYSICAL DESCRIPTION
Extent xx,1100p.
653 ## - INDEX TERM--UNCONTROLLED
Uncontrolled term Automata
653 ## - INDEX TERM--UNCONTROLLED
Uncontrolled term Computational biology
942 ## - ADDED ENTRY ELEMENTS (KOHA)
item type Under processing
Holdings
Lost status Source of classification or shelving scheme Not for loan Home library Current library Shelving location Date acquired Total Checkouts Full call number Barcode Date last seen Date checked out Price effective from Koha item type
  Universal Decimal Classification   University Library University Library General Stacks 02/02/2019 1 004:519 RIC 00083849 01/02/2021 24/01/2020 02/02/2019 Books
University Library, CUSAT